000 00874nam a22002537a 4500
005 20170124103006.0
010 _aA-774860
020 _c120.00
035 _aA-774860
037 _bCen Lib/Ret
040 _aDPL
_bHN
082 _a
_bराजान
100 _aराजानंद
_956187
245 _aइदम /
_cराजानंद
246 _aIdam /
_bby Rajanand
260 _aबीकानेर
_bकविता प्रकाशन
_c2003
270 _aतेलेवाडा
_bबीकानेर
_e334005
300 _a171पृ.
_c20सेमी(सजिल्द )
650 _aहिंदी साहित्य
_x
_z
_956188
650 _aहिंदी उपन्यास
_956189
650 _ahindi literature
_v
_956190
650 _aHindi fiction
_927248
942 _2ddc
_cHN
_h
_mराजान
999 _c114280
_d114280